00674nam a2200241 a 4500001001300000003000900013005001700022008004100039020000900080082001700089100001300106245002900119260005200148300000800200500003500208505001000243650001800253700001300271902000800284942000700292952011600299999001700415nice12345678IN_TiNIC20260116014442.0050524s2004 pata grp 000 0 eng  ac6000a297.09bROY1 aRoy, M N aHistorical Role of Islam aPatnabKhuda Bakhsh Oriental Pub. Libraryc2004 a89p aincludes index and biblioraphy2 aNotes aIslam-History1 aRoy, M N bSRS cBK 001040708StackRoom-aHMIbHMId2007-07-25g60.00l0o297.09 ROY1p021156r2007-07-25v60.00w2005-05-24yBK c15390d15390